00349pab a2200121 454500008004000000100002200040245008500062260000900147300001400156362000800170650001800178773003100196180718b1998 xxu||||| |||| 00| 0 eng d aGabbriel, Yiannis aPsychoanalytic contributions to the study of the emotional life of organizations c1998 ap.291-314 aJun aOrganizations aAdministration and Society